Statistics for Locations by Letter - R

Click here to take the quiz!

General Stats

  • This quiz has been taken 36,465 times
  • The average score is 11 of 18

Answer Stats

DescriptionLocation% Correct
Eternal city of ItalyRome
100%
The smallest U.S. stateRhode Island
91%
Country of which Transylvania is a partRomania
90%
Land of the tsarsRussia
87%
Body of water parted for MosesRed Sea
85%
Port city of the NetherlandsRotterdam
70%
Nevada's second biggest metro areaReno
69%
Capital of Saudi ArabiaRiyadh
66%
Former name of ZimbabweRhodesia
64%
Capital of MoroccoRabat
60%
City where you'd find the
girl from Ipanema
Rio de Janeiro
56%
Capital of the Confederate
States of America
Richmond
54%
Cafe in the movie "Casablanca"{Rick}'{s} American Cafe
38%
Place in 1984 where
your worst fear comes to life
{Room} 101
38%
Land of the horse lords in Middle EarthRohan
35%
Elven outpost ruled by ElrondRivendell
30%
Island prison where Mandela dwelledRobben Island
29%
City of geothermal tourism
in New Zealand
Rotorua
17%

Score Distribution

Percentile by Number Answered

Percent of People with Each Score

Your Score History

You have not taken this quiz